000 00910nam0a22002771 4500
001 rc\2771014
005 20250810063552.0
035 _a(NLR Aleph) 007210581
090 _a7667641
_c7667641
100 _a20110915d1941 u y0rusy50 ca
101 0 _arus
102 _aRU
105 _ay z |||||
200 1 _aМинин и Пожарский
_fХ. Буздякский
210 _a[Саратов]
_cСарат. обл. гос. изд-во
_d1941
215 _a14 с., без обл.
_d15 см.
600 1 _aПожарский
_bД.М.
_gДмитрий Михайлович
600 1 _aМинин
_bК.З.
_gКозьма Захарович
700 1 _aБуздякский
_bХ.
801 0 _aRU
_bNLR
_gpsbo
801 1 _aRU
_bELAR
_2rusmarc
852 _aNLR
_jИр20 Г-2/32
942 _cBOOK
945 _aРоссийская национальная библиотека
980 _aNB
980 _aBV